000
00335nam a2200145Ia 4500
008
240624s9999 xx 000 0 und d
041
_a
eng
082
_a
658.8 KER
100
_a
KERRIGAN FINOLA
245
_a
FILM MARKETING
250
_a
(2nd ed.)
260
_c
2017
_a
New Delhi
_b
Routledge
300
_a
188 : p.
365
_c
BPS
_b
31
999
_c
28694
_d
28694